Normal view
MARC view
- FOX, CHARLES
Entry Personal Name
001 - CONTROL NUMBER
- control field: 57329
003 - CONTROL NUMBER IDENTIFIER
- control field: NUST
005 - DATE AND TIME OF LATEST TRANSACTION
- control field: 20210628201910.0
008 - FIXED-LENGTH DATA ELEMENTS
- fixed length control field: 210628|| aca||aabn | a|a d
040 ## - CATALOGING SOURCE
- Original cataloging agency: NUST
- Transcribing agency: NUST
100 ## - HEADING--PERSONAL NAME
- Personal name: FOX, CHARLES
670 ## - SOURCE DATA FOUND
- Source citation: Work cat.: (NUST): FOX, CHARLES, AN INTRODUCTION TO THE CALCULUS OF VARIATIONS, 1950
